000 00728nam a2200169 a 4500
008 080109s1982 ||||||||||||||||| || u
020 _a0865313806
050 _aQ 180.U5 Res
100 _aShen, Benjamin S.P. 1931-
245 1 0 _aResearch in the age of the steady-state university
_cedited by Don I. Phillips and Benjamin S.P.Shen
260 _aBoulder, Colo.
_bWestview Press for the A.A.A.S
_c1982
300 _axvi, 113p : ill
350 _a0.00
650 _aRESEARCH--UNITED STATES--CONGRESSES
650 _aUNIVERSITIES AND COLLEGES--UNITED STATES--CONGRESSES
995 _D0.00
_FCBU-MAIN LIBRARY (Kitwe)
_H1
_I19.25
_M1
_UAVAILABLE
_ZAnnex Low-Usage Collection
999 _c56311
_d56311